| 000 | 00770nam a22002177a 4500 | ||
|---|---|---|---|
| 999 |
_c61312 _d61312 |
||
| 005 | 20240202144645.0 | ||
| 008 | 240202s2012 en ||||| |||| 00| 0 eng d | ||
| 020 | _a9780273769989 X | ||
| 041 | _aeng | ||
| 080 | _a005+657 M-24 | ||
| 245 |
_aManagement accounting : _binformation for decision-making and strategy execution / _cAuthors: Anthony A. Atkinson, Robert S.Kaplan, and others. |
||
| 250 | _a6th edition | ||
| 264 |
_aBoston: _bPearson, _c2012. |
||
| 300 |
_a550 pages; _billustrations, _c26 cm. |
||
| 653 | _aManagement accounting | ||
| 653 | _aმენეჯმენტი | ||
| 653 | _aბუღალტერია | ||
| 700 |
_aAnthony A. Atkinson, _e Author _921188 |
||
| 700 |
_aKaplan Robert S. _e Author _921189 |
||
| 942 |
_2udc _cᲬᲘᲒᲜᲘ |
||